Advanced Financial Accounting (Record no. 221863)
[ view plain ]
| 000 -LEADER | |
|---|---|
| fixed length control field | 00649nam a22002177a 4500 |
| 005 - DATE AND TIME OF LATEST TRANSACTION | |
| control field | 20250728140146.0 |
| 008 - FIXED-LENGTH DATA ELEMENTS--GENERAL INFORMATION | |
| fixed length control field | 220314b ||||| |||| 00| 0 eng d |
| 040 ## - CATALOGING SOURCE | |
| Transcribing agency | AL |
| 041 ## - LANGUAGE CODE | |
| Language code of text/sound track or separate title | English |
| 082 ## - DEWEY DECIMAL CLASSIFICATION NUMBER | |
| Edition number | 23 |
| Classification number | 657.48 |
| Item number | JAIA |
| 100 ## - MAIN ENTRY--PERSONAL NAME | |
| Personal name | S P Jain and others |
| 100 ## - MAIN ENTRY--PERSONAL NAME | |
| 9 (RLIN) | 220488 |
| 245 ## - TITLE STATEMENT | |
| Title | Advanced Financial Accounting |
| Remainder of title | : Bcom IInd Sem |
| 260 ## - PUBLICATION, DISTRIBUTION, ETC. | |
| Place of publication, distribution, etc. | Ludhiana |
| Name of publisher, distributor, etc. | Kalyani Publishers |
| Date of publication, distribution, etc. | 2022 |
| 300 ## - PHYSICAL DESCRIPTION | |
| Extent | 286p |
| Other physical details | PB |
| Dimensions | 24x17cm |
| 365 ## - TRADE PRICE | |
| Price type code | 6351 |
| Price amount | ₹180.00 |
| Currency code | ₹ |
| Unit of pricing | ₹225.00 |
| Price note | 20% |
| Price effective from | 10-03-2022 |
| 650 ## - SUBJECT ADDED ENTRY--TOPICAL TERM | |
| Topical term or geographic name entry element | Financial Accounting |
| 9 (RLIN) | 23592 |
| 700 ## - ADDED ENTRY--PERSONAL NAME | |
| Personal name | Narang K L |
| 9 (RLIN) | 23594 |
| 700 ## - ADDED ENTRY--PERSONAL NAME | |
| Personal name | Agarwal Simmi |
| 9 (RLIN) | 23595 |
| 700 ## - ADDED ENTRY--PERSONAL NAME | |
| Personal name | Sehgal Monika |
| 9 (RLIN) | 23596 |
| 942 ## - ADDED ENTRY ELEMENTS (KOHA) | |
| Source of classification or shelving scheme | Dewey Decimal Classification |
| Koha item type | Reference |
| Withdrawn status | Lost status | Source of classification or shelving scheme | Damaged status | Not for loan | Collection code | Home library | Current library | Shelving location | Date acquired | Source of acquisition | Cost, normal purchase price | Total Checkouts | Full call number | Barcode | Date last seen | Date last checked out | Cost, replacement price | Price effective from | Koha item type |
|---|---|---|---|---|---|---|---|---|---|---|---|---|---|---|---|---|---|---|---|
| Dewey Decimal Classification | Reference Book | Commerce | St Aloysius Library | St Aloysius Library | Reference Section | 03/12/2022 | Biblios Book Point | 180.00 | 1 | 657.48 JAIA | 075663 | 04/22/2025 | 04/12/2025 | 225.00 | 03/14/2022 | Reference | |||
| Dewey Decimal Classification | Commerce | St Aloysius Library | St Aloysius Library | 03/12/2022 | Biblios Book Point | 180.00 | 1 | 657.48 JAIA | 075664 | 05/25/2026 | 05/02/2026 | 225.00 | 03/14/2022 | Book | |||||
| Dewey Decimal Classification | Commerce | St Aloysius Library | St Aloysius Library | 03/12/2022 | Biblios Book Point | 180.00 | 1 | 657.48 JAIA | 075665 | 07/06/2022 | 03/16/2022 | 225.00 | 03/14/2022 | Book |